00858nam a22002537a 45000010005000000030006000050050017000110080041000280200018000690400029000870500008001160820008001241000020001322450061001522500040002132600034002533000022002875050007003095200210003165210018005265210018005446500026005626500016005887864FISKH20250812112228.0250812b cb ||||| |||| 00| 0 eng d a9780439753098 aFISKHbengcFISKHdFISKH aPZ7 a105 aKamilton, Tisha aTrollz :bAll that glitters /cWritten by Tisha Hamilton aThis edition first pubished in 2005 aNew York :bScholastic,c2005 a70 pages :c20 cm aP  aIt's all about the hair! Unless Amethyst, Ruby, Sapphire, Topaz, and Onyx start working together, the five magical facets that could control Trollzopolis may fall into the hands of the evil gremlin Simon. 8 a650 bLexile 8 aP bRaz-Plus  2Chapter bookaGlitter 2GemsaPower